000 016150000a22002170004500
020 _a0-904748-34-0
041 0 _aSPA
082 0 4 _aG 173 C8752s
245 1 0 _aSecretos de la salud familiar. Instrucciones prácticas para vivir con salud y alegría, presentadas por especialistas de la salud / L. Acton-Hubbard...[et. al.]; Asociación Publicadora Interamericana, Editores, Sergio Collins, Traductor
250 _a8
260 _aFlorida, USA : Asociación Publicadora Interamericana
300 _a191 Pag.
500 _aTítulo original : A guide to family health
505 0 0 _aLas defensas del organismo -- el dolor de espalda -- no se deje destruir por las tensiones -- cómo dejar de fumar -- el hábito de fumar durante el embarazo -- el alcohol y el organismo humano -- uso y abuso de las drogas -- tratamientos caseros sencillos -- alimentos integrales -- su cuerpo necesita combustible de primera clase -- el latido del corazón -- cómo mantener el peso ideal -- cómo bajar de peso sin peligro -- cómo iniciar su programa de ejercicios -- cómo mantenerse en buen estado físico -- el embarazo y el parto -- un nuevo bebé en la familia -- la seguridad en el hogar -- cómo cuidar al niño enfermo -- preparación del niño para su hospitalización -- las alergias -- el sueño reparador -- forma correcta de respirar -- cómo cuidar la dentadura -- la salud de la persona total -- primeros auxilios
650 1 4 _aSALUD - GUIAS \ FAMILIA
001 1231
942 _cBK
999 _c32554
_d32554
336 _atexto
_btxt
_2rdacontent
337 _2rdamedia
_asin mediación
_bn
338 _2rdacarrier
_avolumen
_bnc